Liste des noms de Pokémon contenant un W - Statistiques

Statistiques générales
  • Ce quiz a été pris 33 fois
  • Le résultat moyen est 8 sur 17
Statistiques - réponses
Pokémon % Correct
Wailord
100%
Wailmer
95%
Wattapik
68%
Qwilfish
63%
Qwilpik
58%
Wagomine
58%
Wattouat
58%
Akwakwak
47%
Psykokwak
47%
Wimessir
47%
Wushours
42%
Lewsor
37%
Mew
37%
Mewtwo
37%
Séracrawl
26%
Marshadow
11%
Anchwatt
5%
Aucun quiz correspondant
Distribution des résultats
% des personnes avec chaque résultat
Percentile par nombre de réponses
Votre historique - résultats
Vous n’avez pas pris ce quiz